Ascendencia de famosos de Estados Unidos (Parte 2) - Estadísticas

Estadísticas generales
  • Esta prueba ha sido intentada 35 veces
  • La puntuación promedio es 10 de 28
Estadísticas de respuestas
Imagen Hint Respuesta % Correcto
Martin Scorsese (EUROPA) Italia
74%
Pitbull (AMÉRICA) Cuba
65%
Rami Malek (ÁFRICA) Egipto
61%
Kim Kardashian (ASIA/EUROPA) Armenia
58%
Steve Aoki (ASIA) Japón
58%
Christian Pulisic (EUROPA) Croacia
52%
Christina Aguilera (AMÉRICA) Ecuador
45%
John F. Kennedy (EUROPA) Irlanda
45%
Scarlett Johansson (EUROPA) Dinamarca
39%
Barbie Ferreira (AMÉRICA) Brasil
35%
Charles Melton (ASIA) Corea del Sur
35%
Beyoncé (EUROPA) Francia
35%
Oscar Isaac (AMÉRICA) Guatemala
35%
Mike Tyson (AMÉRICA) Jamaica
35%
Rachel Zegler (AMÉRICA) Colombia
32%
Renée Zellweger (EUROPA) Noruega
32%
Meryl Streep (EUROPA) Alemania
29%
Barack Obama (ÁFRICA) Kenia
26%
Benjamin Bratt (AMÉRICA) Perú
26%
Jake Gyllenhaal (EUROPA) Suecia
26%
Calvin Klein (EUROPA) Hungría
23%
Tiger Woods (ASIA) Tailandia
23%
Olivia Munn (ASIA) Vietnam
23%
Tyler, the Creator (ÁFRICA) Nigeria
19%
Frances Tiafoe (ÁFRICA) Sierra Leona
19%
Terrence Malick (ASIA) Líbano
16%
Lauren Bacall (EUROPA) Rumania
16%
Steven Spielberg (EUROPA) Ucrania
16%
No se encontraron pruebas coincidentes
Distribución de puntuación
Porcentaje de gente con cada puntuación
Porcentaje por número respondido
Historial de tus puntuaciones
No has intentado esta prueba.